Champions Pro A / Betclic Elite Basket - Statistiques

Statistiques générales
  • Ce quiz a été pris 322 fois
  • Le résultat moyen est 19 sur 24
Statistiques - réponses
Année Champion Finaliste % Correct
2023 Monaco Boulogne Levallois
100%
2022 Asvel Monaco
98%
2021 Asvel Dijon
98%
2019 Asvel Monaco
98%
2016 Asvel Strasbourg
98%
2009 Asvel Orléans
98%
2002 Asvel Pau-Orthez
98%
2018 Le Mans Monaco
93%
2006 Le Mans Nancy
93%
2010 Cholet Le Mans
88%
2005 Strasbourg Nancy
88%
2011 Nancy Cholet
84%
2008 Nancy Roanne
84%
2015 Limoges Strasbourg
77%
2014 Limoges Strasbourg
77%
2000 Limoges Asvel
77%
2007 Roanne Nancy
72%
2013 Nanterre Strasbourg
69%
2004 Pau-Orthez Gravelines-Dunkerque
57%
2003 Pau-Orthez Asvel
57%
2001 Pau-Orthez Asvel
57%
1999 Pau-Orthez Asvel
57%
2017 Chalon-sur-Saone Strasbourg
36%
2012 Chalon-sur-Saone Le Mans
36%
Aucun quiz correspondant
Distribution des résultats
% des personnes avec chaque résultat
Percentile par nombre de réponses
Votre historique - résultats
Vous n’avez pas pris ce quiz